Recetario popular de Chilpancingo y Tixtla /

La intención de esta colección es recuperar los usos y costumbres en materia de cultura culinaria de las diversas regiones de México, con énfasis particular en la cocina de raíz indígena, aunque sin limitarse a ella.

Salvato in:
Dettagli Bibliografici
Autore principale: Aparicio Prudente, Francisca (coord.)
Natura: Libro
Lingua:spagnolo
Pubblicazione: México : CONACULTA, 2000, c2000
Serie:(Cocina Indígena y Popular ; 24)
Soggetti:
Tags: Aggiungi Tag
Nessun Tag, puoi essere il primo ad aggiungerne!!

MARC

LEADER 00000nam^a2200000^a^4500
001 000331789
005 20250521000000.0
008 130417 20002000
009 20260526140741.512
020 |a 970-18-4684-2 
037 |a Acervo ITESO - Biblioteca 
041 |a ESP 
082 |a 641. 50972  |b IND V. 24 
100 |a Aparicio Prudente, Francisca  |e (coord.) 
245 1 0 |a Recetario popular de Chilpancingo y Tixtla /  |c Coord. de F. Aparicio Prudente. 
264 4 |a México :  |b CONACULTA,  |c 2000, c2000 
300 |a 103 p. 
336 |a texto  |b txt  |2 rdacontenido 
337 |a sin mediación  |b n  |2 rdamedio 
338 |a volumen  |b nc  |2 rdasoporte 
440 1 |a (Cocina Indígena y Popular ;  |v 24) 
520 |a La intención de esta colección es recuperar los usos y costumbres en materia de cultura culinaria de las diversas regiones de México, con énfasis particular en la cocina de raíz indígena, aunque sin limitarse a ella. 
649 |a XX 
650 |a Recetarios -  |z Guerrero 
650 |a Recetarios -  |z México 
650 |a Alimentos y Bebidas -  |z Guerrero 
650 |a Alimentos y Bebidas -  |z México 
650 |a Prácticas Culturales -  |z Guerrero 
650 |a Prácticas Culturales -  |z México 
650 |a Cocina Regional -  |z Guerrero -  |x Tema Principal 
650 |a Cocina Regional -  |z México 
650 |a Cocina Guerrerense -  |x Recetarios -  |x Tema Principal 
650 |a Cocina Mexicana -  |x Recetarios 
650 |a Gastronomía -  |z Guerrero 
650 |a Gastronomía -  |z México 
910 |a Fondo General 
920 |a Impresos - Libros 
930 |a Colección General 
905 |a 101 
901 |a 0500221269  |b IT1  |c ACC  |i C136144  |u 20250521 
902 |a https://opac.biblio.iteso.mx/vufind/Record/000331789